Word Chain - Madagascar - Statistics

General Stats
  • This quiz has been taken 9 times
  • The average score is 5 of 20
Answer Stats
Hint Answer % Correct
Primate that can only be found on this island Lemur
100%
Practice that takes up over 70% of the island's land Agriculture
50%
Contains around half of this reptile's species Chameleon
38%
Large, flightless bird that went extinct around 1000 CE Elephant Bird
38%
The term for species native and limited to Madagascar (or any other area) Endemic
38%
Their largest native predator Fossa
38%
Capital and largest city Antananarivo
25%
Body of water that makes up its western border Mozambique Channel
25%
Madagascar has 27 of these National parks
25%
Silk-producing insect Silkworm
25%
Their currency Ariary
13%
Biome of the Madagascar Spiny Forests Desert
13%
Large, semiaquatic mammal that went extinct: Malagasy ______ Hippopotamus
13%
Flower with famously large diversity on Madagascar Orchid
13%
Their national dish Romazava
13%
A day-flying moth with beautiful, iridescent wings Sunset Moth
13%
The island's chief port city Toamasina
13%
The first European to see Madagascar Diogo Dias
0%
National park known for its black lemurs Lokobe
0%
Event that gives thanks for the year's first rice harvest Santabary Festival
0%
No matching quizzes found
Score Distribution
Percent of People with Each Score
Percentile by Number Answered
Your Score History
You have not taken this quiz